000 01564nam0a22003131 4500
001 rc\3198004
005 20120628151512.1
021 _aRU
_bП1101-78
035 _a(NLR Aleph) 007343975
090 _a6138758
_c6138758
100 _a20120628d1976 |||y0rusy50 ca
101 0 _arus
102 _aRU
105 _ay c |||||
200 1 _aМетодические указания выбора энергоносителей для тепловых процессов сельскохозяйственного производства и быта в сельских районах
_fМ-во энергетики и электрификации СССР. Гл. упр. науч.-исслед. и проектных работ. М-во с. х. СССР. Гл. упр. механизации и электрификации сел. хоз-ва. Росгипрониисельстрой
210 _aМосква
_cБ. и.
_d1976
215 _a156 с.
_cграф.
_d29
225 1 _aМетодические указания
_vАвг. - сент.
300 _aНа 3-й с.: принимали участие инженеры Бердов В.С., Иванов Б.А., Карпенко А.М. [и др.]
300 _aНа обл. только загл. серии
320 _aБиблиогр.: с. 155-156
702 1 _aИванов
_bВ. А.
_4570
702 1 _aКарпенко
_bА. М.
_4570
702 1 _aБердов
_bВ. С.
_4570
801 0 _aRU
_bNLR
_gpsbo
801 1 _aRU
_bELAR
_2rusmarc
852 _aNLR
_jП10/4330
942 _cBOOK
980 _aNB